00741nab a2200217 uc450000100070000000500170000700800410002403500110006503500210007604000130009704100080011010000540011824500450017265000410021765000170025870000530027570000480032877301180037694200100049499900190050473059320240201170218.0020410e19990916 spa  a730593 a(OCoLC)819940098 ccomduadb aspa10aAmezquita Medina, Maria Eugenia4auteaut952169910aClinica de litio : Experiencia de 7 anos 7aTrastornos afectivos2armarc9135804 aLitio93145910aGonzález Pérez, Rosa Elena4auteaut952045110aZuluaga Mejia, Diego,cD.4auteaut93548310 tRevista Colombiana de Psiquiatría (Bogotá)gVol. 28, No. 03, Sep. 1999, p. 205-218w329827x0034-74500114314 cARIMP c237680d237680